| 000 | 00460nam a2200121Ia 4500 | ||
|---|---|---|---|
| 008 | 220216s9999 xx 000 0 und d | ||
| 100 | _aPiazza S | ||
| 245 | 0 | _aFuels of to-day and fuels of the future in automobile: Applicability limits of nitrile rubbers used for technical articles in contact with fuel | |
| 260 | _bProceedings of the International Rubber Conference, Venice, 1979; p451-460 | ||
| 700 | _aPassarini N | ||
| 700 | _aSantarelli G | ||
| 942 | _cJS | ||
| 999 |
_c59617 _d59617 |
||